Pandořina hvězda. Bariéra /
První díl dobrodružné sci-fi řady Sága společenství z nedaleké budoucnosti světa 24. století. Lidé dokážou využívat k cestování na jiné planety a jejich osidlování červí díry.
Uloženo v:
| Série: | Sága Společenství,
část 1 |
|---|---|
| Hlavní autor: | |
| Další autoři: | |
| Médium: | E-kniha |
| Jazyk: | Czech |
| Vydáno: |
Praha :
Planeta 9,
2018
|
| Vydání: | Vydání první |
| Témata: | |
| Příbuzné jednotky: | Z cyklu::
Sága Společenství |
| Tagy: |
Žádné tagy |
| LEADER | 02496nam a2200457 i 4500 | ||
|---|---|---|---|
| 001 | 310940 | ||
| 003 | CZ PrSKC | ||
| 005 | 20260601215657.0 | ||
| 007 | ta | ||
| 008 | 180920s2018 xr g 000 f cze | ||
| 015 | |a cnb003037494 | ||
| 020 | |a 9788090698543 |q (brožováno) : |c Kč 499,00 | ||
| 035 | |a (OCoLC)1078645934 | ||
| 040 | |a OLA001 |b cze |e rda | ||
| 041 | 1 | |a cze |h eng | |
| 072 | 7 | |a 821.111-3 |x Anglická próza, anglicky psaná |2 Konspekt | |
| 080 | |a 821.111-31 |2 MRF | ||
| 080 | |a (0:82-311.9) |2 MRF | ||
| 100 | 1 | |a Hamilton, Peter F., |d 1960- |7 xx0012750 |4 aut | |
| 240 | 1 | 0 | |a Pandora's star. |l Česky |
| 245 | 1 | 0 | |a Pandořina hvězda. |p Bariéra / |c Peter F. Hamilton ; přeložil Petr Kotrle |
| 246 | 3 | 0 | |a Bariéra |
| 250 | |a Vydání první | ||
| 264 | 1 | |a Praha : |b Planeta 9, |c 2018 | |
| 300 | |a 687 stran ; |c 20 cm | ||
| 336 | |a text |b txt |2 rdacontent | ||
| 337 | |a bez média |b n |2 rdamedia | ||
| 338 | |a svazek |b nc |2 rdacarrier | ||
| 500 | |a Přeloženo z angličtiny | ||
| 520 | 2 | |a První díl dobrodružné sci-fi řady Sága společenství z nedaleké budoucnosti světa 24. století. Lidé dokážou využívat k cestování na jiné planety a jejich osidlování červí díry. |b Svět jen o pár století dále zažívá velký technologický pokrok díky možnosti využívat červí díry k rychlému a masivnímu cestování na jiné planety, které lidé pozvolna osidlují a teraformují. Problém se objeví ve chvíli, kdy jednu z hvězd zakryje neznámé silové pole. Tak se bude muset lidská rasa vrátit k původnímu cestování vesmírem a sestrojit unikátní vesmírnou loď, která doputuje k temné hvězdě a odhalí její tajemství. | |
| 655 | 7 | |a anglické romány |7 fd131814 |2 czenas | |
| 655 | 7 | |a vědecko-fantastické romány |7 fd133847 |2 czenas | |
| 655 | 9 | |a English fiction |2 eczenas | |
| 655 | 9 | |a science fiction novels |2 eczenas | |
| 700 | 1 | |a Kotrle, Petr, |d 1967- |7 mzk2003187206 |4 trl | |
| 787 | 0 | 8 | |i Z cyklu: |t Sága Společenství |g 1 |
| 900 | |a ABA001 |b 20 | ||
| 044 | |a xr | ||
| 910 | |a RBIT002 | ||
| 998 | |d 179337 |a https://core.palmknihy.cz/api/books/179337/cover?pflr69 |b https://core.palmknihy.cz/api/books/179337/cover/400?pflr69 |c https://core.palmknihy.cz/api/books/179337/cover/50?pflr69 |e 2026-08-31 |g 688 |i 9788090698543 |j https://core.palmknihy.cz/api/books/179337/preview.epub |k https://core.palmknihy.cz/api/books/179337/preview.pdf |l |q 49 |r 1 |s https://www.palmknihy.cz/kniha/179337 |t ebook |y 2018 |z 0 |v Sága Společenství |w 1 | ||
| 999 | |d 310938 | ||